|
|
|
|
| LEADER |
00000nam a2200000 i 4500 |
| 001 |
1/60991 |
| 008 |
141204s2004 gre d |
| 020 |
|
|
|a 960-7745-10-8
|
| 035 |
|
|
|l 10119971
|
| 040 |
|
|
|a GR-MY-UA
|b gre
|e aacr
|
| 041 |
0 |
|
|a gre
|
| 082 |
0 |
|
|a 657.3
|2 (23)
|
| 100 |
1 |
|
|a Γκίνογλου, Δημήτρης.
|
| 245 |
1 |
0 |
|a Λογιστική ενοποιημένων οικονομικών καταστάσεων /
|c Δημήτρης Γκίνογλου, Παναγιώτης Ταχυνάκης
|
| 260 |
|
|
|a Αθήνα :
|b Rosili,
|c c2004
|
| 300 |
|
|
|a 275 σ.;
|c 24 εκ.
|
| 504 |
|
|
|a Βιβλιογραφία: σ.272-275
|
| 650 |
0 |
0 |
|a Financial statements, Consolidated
|z Greece.
|
| 650 |
0 |
0 |
|a Financial statements, Consolidated
|x Law and legislation.
|
| 700 |
1 |
|
|a Ταχυνάκης, Παναγιώτης Δ.
|
| 852 |
|
|
|a INST
|b CHIOS
|e 20141204
|h 657.3 ΓΚΙ
|p 005200035873
|q 005200035873
|t BK
|y 0
|
| 901 |
|
|
|a BIBL2-2014-3
|
| 909 |
|
|
|a Χ
|b 189598
|
| 922 |
|
|
|a 2ΕΛΗ
|b 201405
|c ΤΑΚ/ΤΔΕ
|d ΙΩΑΝΝΙΔΟΥ
|
| 970 |
|
|
|a ΣΠΕΝΤΖΑ
|b ΕΛΕΝΗ
|z 2014/12/04
|